<?xml version="1.0" encoding="UTF-8"?>
<record
    xmlns:xsi="http://www.w3.org/2001/XMLSchema-instance"
    xsi:schemaLocation="http://www.loc.gov/MARC21/slim http://www.loc.gov/standards/marcxml/schema/MARC21slim.xsd"
    xmlns="http://www.loc.gov/MARC21/slim">

  <leader>00959cam0a220021700 4500</leader>
  <controlfield tag="001">tmp15392882</controlfield>
  <controlfield tag="003">UPRA</controlfield>
  <controlfield tag="005">20190830121000.0</controlfield>
  <controlfield tag="008">950803s1964    be                  eng u</controlfield>
  <datafield tag="035" ind1=" " ind2=" ">
    <subfield code="a">(Sirsi) r29292</subfield>
  </datafield>
  <datafield tag="035" ind1=" " ind2=" ">
    <subfield code="a">(UPRA)tmp15392882</subfield>
  </datafield>
  <datafield tag="040" ind1=" " ind2=" ">
    <subfield code="c">UPRA</subfield>
  </datafield>
  <datafield tag="100" ind1="1" ind2=" ">
    <subfield code="a">Trewavas, Ethelwynn.</subfield>
    <subfield code="6">A93653.1</subfield>
  </datafield>
  <datafield tag="245" ind1="1" ind2="2">
    <subfield code="a">A revision of the genus Serranochromis Regan (Pisces, Cichlidae).</subfield>
  </datafield>
  <datafield tag="260" ind1=" " ind2=" ">
    <subfield code="a">Tervuren,</subfield>
    <subfield code="c">1964.</subfield>
  </datafield>
  <datafield tag="490" ind1="1" ind2=" ">
    <subfield code="a">Musee Royal de l'Afrique. Annales. Ser. in-8 , Sciences zoologiques ;</subfield>
    <subfield code="v">no. 125</subfield>
  </datafield>
  <datafield tag="504" ind1=" " ind2=" ">
    <subfield code="a">Bibliography: p. 56-58.</subfield>
  </datafield>
  <datafield tag="810" ind1="2" ind2=" ">
    <subfield code="a">Musee Royal de l'Afrique. Annales. Ser. in-8 , Sciences zoologiques ;</subfield>
    <subfield code="t">Musee Royal de l'Afrique. Annales. Ser. in-8 , Sciences zoologiques ;</subfield>
    <subfield code="n">Musee Royal de l'Afrique. Annales. Ser. in-8 , Sciences zoologiques ;</subfield>
    <subfield code="p">Musee Royal de l'Afrique. Annales. Ser. in-8 , Sciences zoologiques ;</subfield>
    <subfield code="v">no. 125</subfield>
    <subfield code="6">S14174.1</subfield>
  </datafield>
  <datafield tag="949" ind1=" " ind2=" ">
    <subfield code="a">DT641.M8</subfield>
    <subfield code="w">lcc</subfield>
    <subfield code="i">-31984</subfield>
    <subfield code="m">MAIN</subfield>
    <subfield code="t">BOOK</subfield>
    <subfield code="l">ON-SHELF</subfield>
  </datafield>
  <controlfield tag="004">29292</controlfield>
  <datafield tag="999" ind1=" " ind2=" ">
    <subfield code="c">196620</subfield>
    <subfield code="d">196620</subfield>
  </datafield>
</record>
